Retail Management: A Strategic approach (Record no. 870)

MARC details
005 - DATE AND TIME OF LATEST TRANSACTION
control field 20250318090116.0
020 ## - INTERNATIONAL STANDARD BOOK NUMBER
International Standard Book Number 0-02-308480-4
082 ## - DEWEY DECIMAL CLASSIFICATION NUMBER
Classification number 658.87 BER
100 ## - MAIN ENTRY--PERSONAL NAME
Author name BERMAN, B.
245 ## - TITLE STATEMENT
Title Retail Management: A Strategic approach
260 ## - PUBLICATION, DISTRIBUTION, ETC.
Place of publication, distribution, etc. New York,
Name of publisher, distributor, etc. Macmillan Publishing Co,
Date of publication, distribution, etc. 1979.
300 ## - PHYSICAL DESCRIPTION
Extent xxi, 647p.: ill.; figure, map, table
Other physical details Index
Dimensions 25cm.
700 ## - ADDED ENTRY--PERSONAL NAME
Other authors/Editors EVANS, J. R.
942 ## - ADDED ENTRY ELEMENTS (KOHA)
Source of classification or shelving scheme Dewey Decimal Classification
Koha item type Books
Holdings
Date last seen Total checkouts Full call number Barcode Cost, replacement price Price effective from Koha item type Lost status Source of classification or shelving scheme Damaged status Not for loan Withdrawn status Home library Current library Shelving location Date acquired Cost, normal purchase price
03/18/2025   658.87 BER 0000003340 60000.00 03/18/2025 Books   Dewey Decimal Classification       College of Business Education Main Library College of Business Education Main Library General Collection 03/18/2025 20000.00
03/18/2025   658.87 BER 0000003341 60000.00 03/18/2025 Books   Dewey Decimal Classification       College of Business Education Main Library College of Business Education Main Library General Collection 03/18/2025 20000.00